[Event "FBL 1"]
[Site "?"]
[Date "2017.03.05"]
[Round "6.3"]
[White "Diederichs, Luise"]
[Black "Delemarre, Isabel"]
[Result "1/2-1/2"]
[WhiteElo "1971"]
[BlackElo "2254"]
[PlyCount "60"]
[EventDate "2016.10.22"]
[EventType "team-tourn"]
[EventCountry "GER"]
[WhiteTeam "Norderstedt TuRa Harksheide"]
[BlackTeam "Karlsruher SF"]
[WhiteTeamCountry "GER"]
[BlackTeamCountry "GER"]

1. c4 e5 2. Nc3 Nc6 3. g3 g6 4. Bg2 Bg7 5. d3 d6 6. e4 f5 7. Nge2 Nf6 8. O-O
O-O 9. f4 Nd4 10. Nxd4 exd4 11. Nd5 c6 12. Nxf6+ Qxf6 13. Qc2 Bd7 14. Rb1 Rae8
15. b4 a6 16. c5 fxe4 17. dxe4 dxc5 18. bxc5 Bc8 19. Ba3 Kh8 20. Rbd1 Qf7 21.
Rd2 Be6 22. Rc1 Rd8 23. Bb4 Rd7 24. a3 Rfd8 25. Qd3 Re8 26. Rf2 Rf8 27. Rf3 Bg4
28. Rf2 Be6 29. Rf3 Bg4 30. Rf2 Be6 1/2-1/2

[Event "FBL 1"]
[Site "?"]
[Date "2017.03.05"]
[Round "6.4"]
[White "Heinatz, Maria"]
[Black "Waechter, Nathalie"]
[Result "1-0"]
[WhiteElo "1997"]
[BlackElo "1993"]
[PlyCount "109"]
[EventDate "2016.10.22"]
[EventType "team-tourn"]
[EventCountry "GER"]
[WhiteTeam "Karlsruher SF"]
[BlackTeam "Norderstedt TuRa Harksheide"]
[WhiteTeamCountry "GER"]
[BlackTeamCountry "GER"]

1. e4 e6 2. d4 d5 3. Nd2 Nf6 4. e5 Nfd7 5. Bd3 c5 6. c3 Nc6 7. Ne2 cxd4 8. cxd4
a5 9. O-O Nb6 10. a4 Be7 11. Nf3 Nb4 12. Bb1 Bd7 13. Nf4 h6 14. Nh5 g6 15. Nf4
Qc7 16. Nd3 Nc8 17. Be3 Ra6 18. Nxb4 Bxb4 19. Bd3 Rb6 20. Rc1 Qd8 21. b3 Na7
22. Qc2 Ba3 23. Ra1 Rc6 24. Qb1 Qe7 25. Bxg6 Rb6 26. Qa2 fxg6 27. Qxa3 Nc6 28.
Qa2 Nb4 29. Qb1 Kf7 30. g3 Kg7 31. Rc1 Qf7 32. Kg2 Rf8 33. Ne1 g5 34. Rc3 Rc8
35. Rxc8 Bxc8 36. Nd3 Nxd3 37. Qxd3 Qc7 38. Rc1 Rc6 39. Rxc6 Qxc6 40. Bd2 b6
41. h4 gxh4 42. Qe3 Qc2 43. Qxh6+ Kg8 44. Qg5+ Kf7 45. Qf6+ Ke8 46. Bg5 Qe4+
47. Kh2 hxg3+ 48. Kxg3 Qd3+ 49. f3 Qh7 50. Qd8+ Kf7 51. Qxc8 Qg6 52. Qd7+ Kg8
53. Qd8+ Kh7 54. Qf6 Qb1 55. Qf7+ 1-0

[Event "FBL 1"]
[Site "?"]
[Date "2017.03.05"]
[Round "6.5"]
[White "Koehler, Inken"]
[Black "Hund, Sarah"]
[Result "0-1"]
[WhiteElo "1944"]
[BlackElo "1961"]
[PlyCount "48"]
[EventDate "2016.10.22"]
[EventType "team-tourn"]
[EventCountry "GER"]
[WhiteTeam "Norderstedt TuRa Harksheide"]
[BlackTeam "Karlsruher SF"]
[WhiteTeamCountry "GER"]
[BlackTeamCountry "GER"]

1. e4 e5 2. Nf3 Nc6 3. d4 exd4 4. Nxd4 Nf6 5. Nxc6 bxc6 6. Qe2 Bc5 7. Bg5 h6 8.
Bh4 O-O 9. Nc3 Be7 10. Bg3 Bb4 11. f3 d5 12. Qd3 dxe4 13. fxe4 Nxe4 14. O-O-O
Qg5+ 15. Kb1 Nxc3+ 16. bxc3 Ba3 17. Bxc7 Bg4 18. Rd2 Rab8+ 19. Bxb8 Rxb8+ 20.
Ka1 Bb2+ 21. Kb1 Bxc3+ 22. Kc1 Qe7 23. Qd6 Bxd2+ 24. Qxd2 Qa3# 0-1

[Event "FBL 1"]
[Site "?"]
[Date "2017.03.05"]
[Round "6.6"]
[White "Scheynin, Julia"]
[Black "Marx, Inga"]
[Result "1/2-1/2"]
[WhiteElo "2028"]
[BlackElo "1770"]
[PlyCount "83"]
[EventDate "2016.10.22"]
[EventType "team-tourn"]
[EventCountry "GER"]
[WhiteTeam "Karlsruher SF"]
[BlackTeam "Norderstedt TuRa Harksheide"]
[WhiteTeamCountry "GER"]
[BlackTeamCountry "GER"]

1. e4 c6 2. d3 d5 3. Nd2 g6 4. g3 Bg7 5. Bg2 Nf6 6. h3 dxe4 7. dxe4 O-O 8. Ne2
Nbd7 9. O-O Nc5 10. Rb1 Qc7 11. b4 Ne6 12. c4 c5 13. b5 Rd8 14. f4 Nd4 15. e5
Nh5 16. Nxd4 Rxd4 17. Rb3 Qa5 18. Ra3 Qb4 19. Ra4 Qc3 20. Rf3 Rd3 21. Rxd3 Qxd3
22. Ra3 Qd4+ 23. Kh2 Nxf4 24. gxf4 Qxf4+ 25. Kh1 Bxe5 26. Nf3 Qf5 27. Nxe5 Qxe5
28. Re3 Qa1 29. Qd2 Be6 30. Bxb7 Rb8 31. Bd5 Rd8 32. Kg2 Bxd5+ 33. cxd5 e6 34.
d6 Qf6 35. Bb2 Qg5+ 36. Kf3 Qh5+ 37. Kf2 Qh4+ 38. Kg1 Qg5+ 39. Kh1 Qf5 40. Kg2
Qg5+ 41. Kh1 Qf5 42. Kg2 1/2-1/2

[Event "FBL 1"]
[Site "?"]
[Date "2017.03.05"]
[Round "6.1"]
[White "Sieber, Fiona"]
[Black "Javakhishvili, Lela"]
[Result "0-1"]
[WhiteElo "2203"]
[BlackElo "2455"]
[PlyCount "64"]
[EventDate "2016.10.22"]
[EventType "team-tourn"]
[EventCountry "GER"]
[WhiteTeam "Lehrte SK"]
[BlackTeam "Schwaebisch Hall SK"]
[WhiteTeamCountry "GER"]
[BlackTeamCountry "GER"]

1. e4 e5 2. Nf3 Nc6 3. Bb5 a6 4. Ba4 Nf6 5. O-O Be7 6. Re1 b5 7. Bb3 d6 8. c3
O-O 9. h3 Nb8 10. d4 Nbd7 11. Nbd2 Bb7 12. Bc2 Re8 13. a4 c5 14. d5 c4 15. b4
cxb3 16. Nxb3 Qc7 17. Bd3 bxa4 18. Rxa4 Nb6 19. Ra2 Nfd7 20. Na5 Nc5 21. Be3
Nbd7 22. Qe2 Bc8 23. Rea1 f5 24. Nd2 Nxd3 25. Qxd3 f4 26. Bd4 Bf8 27. Rc2 Nf6
28. Nc6 exd4 29. cxd4 Qf7 30. Qf3 Qg6 31. Re1 Bf5 32. Rcc1 Nxe4 0-1

[Event "FBL 1"]
[Site "?"]
[Date "2017.03.05"]
[Round "6.2"]
[White "Daulyte, Deimante"]
[Black "Schulze, Lara"]
[Result "1-0"]
[WhiteElo "2447"]
[BlackElo "1920"]
[PlyCount "131"]
[EventDate "2016.10.22"]
[EventType "team-tourn"]
[EventCountry "GER"]
[WhiteTeam "Schwaebisch Hall SK"]
[BlackTeam "Lehrte SK"]
[WhiteTeamCountry "GER"]
[BlackTeamCountry "GER"]

1. e4 e6 2. d4 d5 3. Nd2 c5 4. exd5 Qxd5 5. Ngf3 cxd4 6. Bc4 Qd7 7. O-O Nc6 8.
Nb3 Nf6 9. Qe2 a6 10. a4 Bd6 11. Rd1 O-O 12. Nbxd4 Nxd4 13. Rxd4 Qc7 14. Bg5 e5
15. Rh4 Bf5 16. Bxf6 gxf6 17. Bd3 Bg6 18. Rc4 Qd7 19. Rd1 Rad8 20. Be4 Rfe8 21.
Nh4 f5 22. Bd5 Qe7 23. Qe3 e4 24. Nxg6 hxg6 25. Qh6 Qf6 26. Rc3 Bf8 27. Qc1 Qe5
28. Bxb7 Bh6 29. Qa1 Bd2 30. Rb3 Qc5 31. Rf1 f4 32. Bxa6 Qxc2 33. Rb7 Qc6 34.
Qa2 Re6 35. Ra7 e3 36. Bb5 exf2+ 37. Kh1 Qc5 38. Rb7 Qe3 39. Qc4 Qe4 40. Qc7
Rf8 41. Rxf2 Qf5 42. Rf1 f3 43. Qg3 Rc8 44. Qxf3 Qxf3 45. Rxf3 Re1+ 46. Bf1 f5
47. g3 Rcc1 48. Kg2 Be3 49. Re7 Rc2+ 50. Kh1 Bd2 51. Rxe1 Bxe1 52. b3 Kg7 53.
Re3 Bb4 54. Bc4 g5 55. Re5 Kf6 56. Rxf5+ Kxf5 57. Bd3+ Kg4 58. Bxc2 Kf3 59. Kg1
Bc5+ 60. Kf1 Kg4 61. Kg2 Kh5 62. Bd1+ Kg6 63. Kf3 Be7 64. Ke4 Kf6 65. Kd5 Kf5
66. a5 1-0

[Event "FBL 1"]
[Site "?"]
[Date "2017.03.05"]
[Round "6.3"]
[White "Boehm, Jana"]
[Black "Bulmaga, Irina"]
[Result "0-1"]
[WhiteElo "1968"]
[BlackElo "2406"]
[PlyCount "128"]
[EventDate "2016.10.22"]
[EventType "team-tourn"]
[EventCountry "GER"]
[WhiteTeam "Lehrte SK"]
[BlackTeam "Schwaebisch Hall SK"]
[WhiteTeamCountry "GER"]
[BlackTeamCountry "GER"]

1. e4 e5 2. Nf3 Nc6 3. Bb5 a6 4. Bxc6 dxc6 5. O-O f6 6. d4 Bg4 7. c3 exd4 8.
cxd4 Qd7 9. h3 Be6 10. Nc3 O-O-O 11. Be3 g5 12. Na4 Bc4 13. Re1 Bb4 14. Qc2 Qf7
15. Rec1 Bb5 16. Nc3 Bc4 17. Na4 Bb5 18. Nc3 Bxc3 19. bxc3 Bc4 20. Nd2 Ne7 21.
Rcb1 a5 22. Nxc4 Qxc4 23. Qb3 Qxb3 24. axb3 b6 25. f3 Ng6 26. b4 axb4 27. Ra8+
Kd7 28. Rxd8+ Rxd8 29. Rxb4 Ra8 30. Rb2 Ra3 31. Rc2 Kd6 32. Kf2 h5 33. Kg3 b5
34. Kf2 h4 35. Ke2 Nf4+ 36. Bxf4+ gxf4 37. c4 bxc4 38. Rxc4 Ra2+ 39. Kf1 Ra5
40. Ke2 Rg5 41. Kf2 Ra5 42. Ke2 c5 43. dxc5+ Rxc5 44. Rd4+ Ke6 45. Rd2 Rc3 46.
Ra2 Ke5 47. Ra5+ c5 48. Kd2 Kd4 49. Ra6 Rd3+ 50. Kc2 Ke3 51. Rxf6 Rd2+ 52. Kc3
Rxg2 53. e5 Kxf3 54. e6 Re2 55. Rg6 Re4 56. Kd3 c4+ 57. Kd2 Re3 58. Kd1 c3 59.
Kc2 Ke2 60. Rg2+ Kf1 61. Rg4 f3 62. Rxh4 f2 63. Kd1 c2+ 64. Kxc2 Ke2 0-1

[Event "FBL 1"]
[Site "?"]
[Date "2017.03.05"]
[Round "6.4"]
[White "Papp, Petra"]
[Black "Zschischang, Marine"]
[Result "1-0"]
[WhiteElo "2352"]
[BlackElo "2045"]
[PlyCount "29"]
[EventDate "2016.10.22"]
[EventType "team-tourn"]
[EventCountry "GER"]
[WhiteTeam "Schwaebisch Hall SK"]
[BlackTeam "Lehrte SK"]
[WhiteTeamCountry "GER"]
[BlackTeamCountry "GER"]

1. e4 e6 2. d4 d5 3. Nc3 dxe4 4. Nxe4 Nd7 5. Nf3 Ngf6 6. Nxf6+ Nxf6 7. c3 c5 8.
Be3 Nd5 9. Ne5 Nxe3 10. Bb5+ Ke7 11. fxe3 Qb6 12. Ba4 Qxb2 13. O-O f5 14. Qh5
g6 15. Qg5+ 1-0

[Event "FBL 1"]
[Site "?"]
[Date "2017.03.05"]
[Round "6.5"]
[White "Markgraf, Claudia"]
[Black "Ambartsumova, Karina"]
[Result "0-1"]
[WhiteElo "1959"]
[BlackElo "2322"]
[PlyCount "48"]
[EventDate "2016.10.22"]
[EventType "team-tourn"]
[EventCountry "GER"]
[WhiteTeam "Lehrte SK"]
[BlackTeam "Schwaebisch Hall SK"]
[WhiteTeamCountry "GER"]
[BlackTeamCountry "GER"]

1. e4 c5 2. Nc3 Nc6 3. g3 g6 4. Bg2 Bg7 5. d3 d6 6. Be3 e5 7. Qd2 Nge7 8. Bh6
Bxh6 9. Qxh6 Be6 10. Nh3 Nd4 11. Rc1 Qb6 12. O-O Qxb2 13. Rb1 Qxc3 14. Rxb7 Bc8
15. Rbb1 Qxc2 16. Qg7 Rf8 17. f4 Bxh3 18. Bxh3 Nf3+ 19. Rxf3 Qxb1+ 20. Kg2 Rb8
21. fxe5 Rb2+ 22. Rf2 Rxf2+ 23. Kxf2 Qb2+ 24. Kf3 Rg8 0-1

[Event "FBL 1"]
[Site "?"]
[Date "2017.03.05"]
[Round "6.6"]
[White "Muetsch, Annmarie"]
[Black "Braje, Monika"]
[Result "1-0"]
[WhiteElo "1966"]
[BlackElo "1787"]
[PlyCount "59"]
[EventDate "2016.10.22"]
[EventType "team-tourn"]
[EventCountry "GER"]
[WhiteTeam "Schwaebisch Hall SK"]
[BlackTeam "Lehrte SK"]
[WhiteTeamCountry "GER"]
[BlackTeamCountry "GER"]

1. e4 d5 2. exd5 Nf6 3. Bb5+ Bd7 4. Be2 Nxd5 5. d4 e6 6. Nf3 Be7 7. O-O O-O 8.
c4 Nf6 9. Nc3 c6 10. h3 Na6 11. Bf4 Nc7 12. Qc2 c5 13. Rfd1 cxd4 14. Nxd4 Qc8
15. Bf3 Na6 16. Qe2 Bc5 17. Ncb5 Rd8 18. Rac1 Ne8 19. a3 Be7 20. b4 Nb8 21. c5
a6 22. Nc3 Nc6 23. Nxc6 Bxc6 24. Nd5 Bxd5 25. Bxd5 Nf6 26. Bf3 h6 27. c6 Rxd1+
28. Qxd1 b5 29. c7 Ra7 30. Qd4 1-0

[Event "FBL 1"]
[Site "?"]
[Date "2017.03.05"]
[Round "6.1"]
[White "Stockova, Zuzana"]
[Black "Dirmeier, Carolin"]
[Result "1-0"]
[WhiteElo "2360"]
[BlackElo "2029"]
[PlyCount "95"]
[EventDate "2016.10.22"]
[EventType "team-tourn"]
[EventCountry "GER"]
[WhiteTeam "Rodewischer Schachmiezen"]
[BlackTeam "Muenchen FC Bayern"]
[WhiteTeamCountry "GER"]
[BlackTeamCountry "GER"]

1. e4 c5 2. Nf3 Nc6 3. Nc3 Nf6 4. Bc4 d6 5. O-O g6 6. d4 cxd4 7. Nxd4 Nxd4 8.
Qxd4 Bg7 9. Bg5 O-O 10. Qd2 Qc7 11. Bb3 Be6 12. Rfe1 Bxb3 13. axb3 a6 14. Re3
Rac8 15. Rh3 h5 16. Qf4 Qc5 17. Rf1 Rfe8 18. Qh4 Ng4 19. Rd3 f6 20. Bc1 Kf7 21.
h3 Ne5 22. Be3 Qc6 23. Rd2 Rh8 24. f4 Nd7 25. Qg3 Nc5 26. e5 f5 27. exd6 Bxc3
28. bxc3 Ne4 29. Qh4 exd6 30. Bd4 Rhe8 31. Re2 d5 32. Re3 Re6 33. Rd1 Rce8 34.
Be5 Qc5 35. Bd4 Qc6 36. Qe1 R6e7 37. Qf1 Rd8 38. Qd3 Nc5 39. Rxe7+ Kxe7 40. Qg3
Kf7 41. Qg5 Re8 42. Qh6 Re6 43. Qg7+ Ke8 44. Qg8+ Ke7 45. c4 dxc4 46. Bf2 Ne4
47. Qd8+ Kf7 48. Rd7+ 1-0

[Event "FBL 1"]
[Site "?"]
[Date "2017.03.05"]
[Round "6.2"]
[White "Vidonyak, Nellya"]
[Black "Movsesjan, Julia"]
[Result "1/2-1/2"]
[WhiteElo "2123"]
[BlackElo "2322"]
[PlyCount "68"]
[EventDate "2016.10.22"]
[EventType "team-tourn"]
[EventCountry "GER"]
[WhiteTeam "Muenchen FC Bayern"]
[BlackTeam "Rodewischer Schachmiezen"]
[WhiteTeamCountry "GER"]
[BlackTeamCountry "GER"]

1. b3 c5 2. c4 Nc6 3. Bb2 e6 4. Nf3 Nf6 5. g3 Be7 6. Bg2 d6 7. d4 cxd4 8. Nxd4
Nxd4 9. Qxd4 O-O 10. O-O Qa5 11. Nc3 Qh5 12. Bf3 Qg6 13. Rfd1 e5 14. Nd5 Nxd5
15. Qxd5 Rb8 16. Qa5 Bh3 17. Qc7 Rfe8 18. c5 dxc5 19. Bxe5 Bg4 20. Bxg4 Qxg4
21. Qd7 Qxd7 22. Rxd7 Ra8 23. e3 b6 24. Rb7 Bf8 25. Bc3 Red8 26. Rc1 Rd6 27.
Kf1 h6 28. Ke2 a6 29. Be1 Rc8 30. a4 Rdc6 31. Rc4 R8c7 32. Rb8 Rc8 33. Rb7 R8c7
34. Rb8 Rc8 1/2-1/2

[Event "FBL 1"]
[Site "?"]
[Date "2017.03.05"]
[Round "6.3"]
[White "Lubbe, Melanie"]
[Black "Ankerst, Milka"]
[Result "1-0"]
[WhiteElo "2353"]
[BlackElo "2074"]
[PlyCount "117"]
[EventDate "2016.10.22"]
[EventType "team-tourn"]
[EventCountry "GER"]
[WhiteTeam "Rodewischer Schachmiezen"]
[BlackTeam "Muenchen FC Bayern"]
[WhiteTeamCountry "GER"]
[BlackTeamCountry "GER"]

1. d4 Nf6 2. Nc3 d5 3. Bf4 e6 4. Nb5 Na6 5. e3 Be7 6. h3 O-O 7. Nf3 c6 8. Nc3
b6 9. Ne5 Qe8 10. a3 Nb8 11. Bd3 Ba6 12. Bxa6 Nxa6 13. Qd3 Nb8 14. O-O Nfd7 15.
e4 Nxe5 16. Bxe5 Nd7 17. Bg3 dxe4 18. Nxe4 Nf6 19. c4 Nxe4 20. Qxe4 Qd7 21.
Rad1 Rfd8 22. Rd3 Bf6 23. Rfd1 Rac8 24. b3 Qe7 25. a4 a6 26. Be5 b5 27. Bxf6
Qxf6 28. Qe5 Qe7 29. d5 cxd5 30. Rxd5 Rxd5 31. cxd5 Qc5 32. Qe4 Rd8 33. d6 h6
34. d7 Qc7 35. Qd3 bxa4 36. bxa4 a5 37. Qd4 Kf8 38. Rd3 f6 39. h4 Kf7 40. h5
Qc1+ 41. Kh2 Qg5 42. g4 Qe5+ 43. Qxe5 fxe5 44. Rd6 Ke7 45. Ra6 Rxd7 46. Rxa5
Rd4 47. Kg3 Rd3+ 48. Kg2 Kf6 49. f3 Rd4 50. Kf2 e4 51. f4 g5 52. fxg5+ hxg5 53.
Ra7 e3+ 54. Kxe3 Rxg4 55. h6 e5 56. h7 Rg3+ 57. Kf2 Rh3 58. a5 Ke6 59. a6 1-0

[Event "FBL 1"]
[Site "?"]
[Date "2017.03.05"]
[Round "6.4"]
[White "Spiel, Marianne"]
[Black "Kazarian, Anna Maja"]
[Result "1/2-1/2"]
[WhiteElo "1931"]
[BlackElo "2259"]
[PlyCount "92"]
[EventDate "2016.10.22"]
[EventType "team-tourn"]
[EventCountry "GER"]
[WhiteTeam "Muenchen FC Bayern"]
[BlackTeam "Rodewischer Schachmiezen"]
[WhiteTeamCountry "GER"]
[BlackTeamCountry "GER"]

1. e4 e6 2. d4 d5 3. Nd2 Nf6 4. e5 Nfd7 5. Bd3 c5 6. c3 Nc6 7. Ne2 Qb6 8. Nf3
cxd4 9. cxd4 f6 10. exf6 Nxf6 11. O-O Bd6 12. a3 O-O 13. Nc3 Bd7 14. b4 e5 15.
dxe5 Nxe5 16. Nxe5 Bxe5 17. Nxd5 Qd6 18. Nxf6+ Rxf6 19. Bc4+ Kh8 20. Qxd6 Rxd6
21. Rb1 Rc8 22. Be2 Bf5 23. Rb3 Rdc6 24. Bg5 h6 25. Bh4 Bc3 26. Rc1 Be6 27.
Rbb1 Ba2 28. b5 Rc5 29. Be7 Re5 30. Bg4 Rc4 31. Bd6 Re8 32. Bh5 Rec8 33. Bf7
Bxb1 34. Bxc4 Rxc4 35. Rxb1 Bd4 36. Kf1 Rc2 37. Bg3 Bc5 38. a4 b6 39. Re1 Ra2
40. Re4 Kh7 41. f3 Kg6 42. Be1 Kf5 43. g4+ Kg6 44. h4 h5 45. Bg3 hxg4 46. fxg4
Rd2 1/2-1/2

[Event "FBL 1"]
[Site "?"]
[Date "2017.03.05"]
[Round "6.5"]
[White "Korenova, Martina"]
[Black "Schenk, Stefanie"]
[Result "1-0"]
[WhiteElo "2156"]
[BlackElo "2080"]
[PlyCount "109"]
[EventDate "2016.10.22"]
[EventType "team-tourn"]
[EventCountry "GER"]
[WhiteTeam "Rodewischer Schachmiezen"]
[BlackTeam "Muenchen FC Bayern"]
[WhiteTeamCountry "GER"]
[BlackTeamCountry "GER"]

1. e4 c6 2. d4 d5 3. e5 Bf5 4. g4 Bd7 5. c3 e6 6. Nf3 c5 7. Bd3 Nc6 8. Qe2 Qb6
9. dxc5 Bxc5 10. O-O a6 11. Nbd2 Na7 12. Nb3 Bf8 13. Be3 Qc7 14. Rac1 b5 15.
Bd4 Nc6 16. Nfd2 Na5 17. Nxa5 Qxa5 18. f4 Ne7 19. f5 Nc6 20. Nb3 Qd8 21. Nc5
Nxd4 22. cxd4 Bxc5 23. Rxc5 Qg5 24. Rf2 h5 25. Rg2 Qf4 26. Qf2 Qxf2+ 27. Rxf2
hxg4 28. f6 gxf6 29. Rxf6 Ke7 30. Rf4 Rag8 31. Bf1 Rh6 32. Rc7 Rgh8 33. Rc2 Rg8
34. Rg2 Rhg6 35. Rg3 a5 36. Be2 Rc8 37. Bxg4 Rc1+ 38. Rf1 Rc2 39. Rf2 Rxf2 40.
Kxf2 b4 41. Bf3 Rxg3 42. Kxg3 f6 43. Kf4 Bb5 44. a3 bxa3 45. bxa3 Bd3 46. Bh5
Bc2 47. h4 Bb1 48. Ke3 Bf5 49. Kd2 fxe5 50. dxe5 d4 51. Be2 Kd7 52. h5 Bh7 53.
Bd3 Bg8 54. Be4 Kc7 55. Kd3 1-0

[Event "FBL 1"]
[Site "?"]
[Date "2017.03.05"]
[Round "6.6"]
[White "Klenk, Sofie"]
[Black "Steinbacher, Claudia"]
[Result "0-1"]
[WhiteElo "1872"]
[BlackElo "2043"]
[PlyCount "106"]
[EventDate "2016.10.22"]
[EventType "team-tourn"]
[EventCountry "GER"]
[WhiteTeam "Muenchen FC Bayern"]
[BlackTeam "Rodewischer Schachmiezen"]
[WhiteTeamCountry "GER"]
[BlackTeamCountry "GER"]

1. e4 c5 2. Nf3 a6 3. c3 Nc6 4. d4 cxd4 5. cxd4 d5 6. exd5 Qxd5 7. Nc3 Qa5 8.
Bc4 Nf6 9. O-O Qc7 10. Ng5 Nd8 11. Qb3 e6 12. d5 b5 13. Nxb5 axb5 14. Bxb5+ Bd7
15. dxe6 fxe6 16. Re1 Be7 17. Nxe6 Nxe6 18. Rxe6 Bxb5 19. Qxb5+ Qd7 20. Qe2 Kf7
21. Re5 Rhe8 22. Bf4 Qd4 23. Qd2 Rad8 24. Re2 Bc5 25. Qxd4 Bxd4 26. Rc2 Re4 27.
Bg5 Rde8 28. h3 Nd5 29. Rd1 h6 30. Rcd2 Re1+ 31. Rxe1 Rxe1+ 32. Kh2 Be5+ 33. f4
Nxf4 34. Rf2 hxg5 35. g3 Re2 36. Rxe2 Nxe2 37. b4 Bxg3+ 38. Kg2 Bd6 39. Kf3 Nc3
40. a3 Nb1 41. b5 Nxa3 42. b6 Nc4 43. b7 Na5 44. Kg4 Kg6 45. h4 gxh4 46. Kxh4
Nxb7 47. Kg4 Nc5 48. Kh4 Kf5 49. Kh3 g5 50. Kg2 Kg4 51. Kh1 Kg3 52. Kg1 Bf8 53.
Kh1 Kf2 0-1

[Event "FBL 1"]
[Site "?"]
[Date "2017.03.25"]
[Round "7.1"]
[White "Brandt, Carina"]
[Black "Strutinskaya, Galina N"]
[Result "1/2-1/2"]
[WhiteElo "2042"]
[BlackElo "2261"]
[PlyCount "84"]
[EventDate "2016.10.22"]
[EventType "team-tourn"]
[EventCountry "GER"]
[WhiteTeam "Norderstedt TuRa Harksheide"]
[BlackTeam "Augsburg SG"]
[WhiteTeamCountry "GER"]
[BlackTeamCountry "GER"]

1. e4 c5 2. Nf3 Nc6 3. c3 Nf6 4. e5 Nd5 5. d4 cxd4 6. cxd4 d6 7. a3 Bg4 8. h3
Bxf3 9. Qxf3 e6 10. Bb5 Qb6 11. Bxc6+ bxc6 12. Qe4 dxe5 13. dxe5 Qb5 14. Nd2
Be7 15. Nc4 O-O 16. O-O a5 17. a4 Qb3 18. Bd2 Bb4 19. Bxb4 Qxb4 20. Rfc1 Rfb8
21. Ra3 Qe7 22. Rg3 Rb4 23. Qc2 Qc5 24. b3 Rab8 25. Qd2 Ne7 26. Rd3 h6 27. Rd8+
Kh7 28. Rxb8 Rxb8 29. Qd6 Qb4 30. Nxa5 Nd5 31. Nxc6 Qd2 32. Qc5 Rxb3 33. Qc2+
Qxc2 34. Rxc2 Ra3 35. a5 Kg6 36. Rb2 f6 37. exf6 gxf6 38. Rb8 e5 39. Ra8 Nc7
40. Ra7 Nb5 41. Rb7 Nd4 42. Nxd4 Ra1+ 1/2-1/2

[Event "FBL 1"]
[Site "?"]
[Date "2017.03.25"]
[Round "7.2"]
[White "Georgescu, Lena"]
[Black "Sherif, Amina"]
[Result "1-0"]
[WhiteElo "2152"]
[BlackElo "2080"]
[PlyCount "73"]
[EventDate "2016.10.22"]
[EventType "team-tourn"]
[EventCountry "GER"]
[WhiteTeam "Augsburg SG"]
[BlackTeam "Norderstedt TuRa Harksheide"]
[WhiteTeamCountry "GER"]
[BlackTeamCountry "GER"]

1. e4 c6 2. d4 g6 3. Nf3 Bg7 4. c3 d5 5. Nbd2 dxe4 6. Nxe4 Nd7 7. Bd3 Qc7 8.
O-O Ngf6 9. Neg5 O-O 10. Re1 e6 11. Ne5 Nb6 12. Qf3 c5 13. Bf4 Qe7 14. Qh3 cxd4
15. cxd4 Nbd5 16. Bd2 b6 17. Rac1 Bb7 18. Bb5 h6 19. Nxg6 fxg6 20. Nxe6 Rac8
21. Nxg7 Qxg7 22. Bxh6 Qf7 23. Bxf8 Rxf8 24. Qe6 Nf4 25. Qxf7+ Rxf7 26. Bc4
N6d5 27. f3 Kf8 28. Re5 Rc7 29. Ree1 Nb4 30. a3 Nbd5 31. g3 Nh5 32. Bxd5 Rxc1
33. Rxc1 Bxd5 34. Rc7 a5 35. Kf2 b5 36. Rc5 Bc4 37. a4 1-0

[Event "FBL 1"]
[Site "?"]
[Date "2017.03.25"]
[Round "7.3"]
[White "Diederichs, Luise"]
[Black "Jussupow, Nadia"]
[Result "0-1"]
[WhiteElo "1971"]
[BlackElo "2163"]
[PlyCount "56"]
[EventDate "2016.10.22"]
[EventType "team-tourn"]
[EventCountry "GER"]
[WhiteTeam "Norderstedt TuRa Harksheide"]
[BlackTeam "Augsburg SG"]
[WhiteTeamCountry "GER"]
[BlackTeamCountry "GER"]

1. c4 f5 2. Nc3 Nf6 3. g3 d6 4. Bg2 g6 5. d3 Bg7 6. e4 fxe4 7. dxe4 c5 8. Nge2
Be6 9. e5 Ng4 10. Bxb7 Nd7 11. Bxa8 Qxa8 12. Nd5 O-O 13. Nef4 Bxd5 14. cxd5
Ndxe5 15. f3 Nf6 16. O-O Rb8 17. b3 g5 18. Ne6 Nxd5 19. Nxg7 Nc3 20. Qc2 Nxf3+
21. Kf2 Nd4 22. Qxc3 Rf8+ 23. Bf4 gxf4 24. Rae1 fxg3+ 25. Kxg3 Rxf1 26. Qc4+
Rf7 27. Rxe7 Qf3+ 28. Kh4 Qf6+ 0-1

[Event "FBL 1"]
[Site "?"]
[Date "2017.03.25"]
[Round "7.4"]
[White "Birkholz, Olga"]
[Black "Waechter, Nathalie"]
[Result "1/2-1/2"]
[WhiteElo "2064"]
[BlackElo "1993"]
[PlyCount "81"]
[EventDate "2016.10.22"]
[EventType "team-tourn"]
[EventCountry "GER"]
[WhiteTeam "Augsburg SG"]
[BlackTeam "Norderstedt TuRa Harksheide"]
[WhiteTeamCountry "GER"]
[BlackTeamCountry "GER"]

1. c4 e6 2. Nc3 Nf6 3. e4 d5 4. e5 Nfd7 5. cxd5 Nxe5 6. d4 Ng6 7. Bb5+ c6 8.
dxc6 Nxc6 9. Nf3 Bb4 10. O-O Bxc3 11. bxc3 O-O 12. Ba3 Re8 13. c4 Bd7 14. Bb2
a6 15. Ba4 Na5 16. Rc1 Nxc4 17. Rxc4 b5 18. Rc5 bxa4 19. d5 Nf4 20. dxe6 Rxe6
21. Be5 Ng6 22. Rd5 Ra7 23. Qd4 Ne7 24. Qxa7 Nxd5 25. Qd4 Bc6 26. Bxg7 Rg6 27.
Be5 Qb6 28. Rd1 f6 29. Bg3 Qxd4 30. Nxd4 Bb7 31. Rb1 Rg7 32. Ne6 Re7 33. h4 Nc3
34. Rb6 Ne2+ 35. Kh2 Nxg3 36. Kxg3 Bd5 37. Nf4 Bxa2 38. Rxa6 Bb3 39. Nd3 Bc4
40. Ra8+ Kf7 41. Nc5 1/2-1/2

[Event "FBL 1"]
[Site "?"]
[Date "2017.03.25"]
[Round "7.5"]
[White "Polert, Annika"]
[Black "Amelang, Astrid"]
[Result "1/2-1/2"]
[WhiteElo "1892"]
[BlackElo "2112"]
[PlyCount "53"]
[EventDate "2016.10.22"]
[EventType "team-tourn"]
[EventCountry "GER"]
[WhiteTeam "Norderstedt TuRa Harksheide"]
[BlackTeam "Augsburg SG"]
[WhiteTeamCountry "GER"]
[BlackTeamCountry "GER"]

1. c4 Nf6 2. Nc3 e6 3. d4 Bb4 4. Qc2 O-O 5. a3 Bxc3+ 6. bxc3 d6 7. Bg5 Nbd7 8.
e4 e5 9. Bd3 b6 10. Ne2 h6 11. Bh4 g5 12. Bg3 Nh5 13. h4 Nf4 14. hxg5 hxg5 15.
O-O-O Nxd3+ 16. Qxd3 Kg7 17. dxe5 dxe5 18. Bxe5+ f6 19. Bg3 Qe7 20. Kb2 Nc5 21.
Qf3 Qxe4 22. Qxe4 Nxe4 23. Rd4 Nxg3 24. Nxg3 Be6 25. f4 Rh8 26. fxg5 fxg5 27.
Re1 1/2-1/2

[Event "FBL 1"]
[Site "?"]
[Date "2017.03.25"]
[Round "7.6"]
[White "Braun, Kristin"]
[Black "Koehler, Inken"]
[Result "1/2-1/2"]
[WhiteElo "1837"]
[BlackElo "1944"]
[PlyCount "84"]
[EventDate "2016.10.22"]
[EventType "team-tourn"]
[EventCountry "GER"]
[WhiteTeam "Augsburg SG"]
[BlackTeam "Norderstedt TuRa Harksheide"]
[WhiteTeamCountry "GER"]
[BlackTeamCountry "GER"]

1. e4 c5 2. Nc3 Nc6 3. g3 g6 4. Bg2 Bg7 5. d3 d6 6. f4 e6 7. Nf3 Nge7 8. Be3
Nd4 9. O-O O-O 10. Qd2 Rb8 11. a4 a6 12. Rfb1 Nec6 13. Ne2 b5 14. Nfxd4 Nxd4
15. axb5 Rxb5 16. Nxd4 cxd4 17. Bf2 Qb6 18. Qc1 Bd7 19. c4 Rb3 20. Ra3 Rb8 21.
Rxb3 Qxb3 22. Qd2 Qa2 23. Qc1 Bc8 24. b4 Qa4 25. Qb2 e5 26. Bf3 Qc6 27. Bd1 Bf8
28. Qa3 Bd7 29. Ra1 Qb7 30. Be1 Bc8 31. Rb1 f5 32. Bf3 Bd7 33. Ra1 Bc8 34. Rb1
Qa8 35. Qa2 Kg7 36. Qg2 Bb7 37. Kf2 fxe4 38. Bxe4 Bxe4 39. Qxe4 Qxe4 40. dxe4
Kf6 41. Ke2 Ke6 42. Kd3 Be7 1/2-1/2